Logo BPK

Biblioteka

Politechniki Koszalińskiej

Frühneuhochdeutsch / (Rekord nr 50682)

Szczegóły MARC
000 -ETYKIETA REKORDU
podpole kontrolne o stałej długości 00653nam a2200241 i 4500
001 - NUMER KONTROLNY REKORDU
pole kontrolne bgj
020 ## - MIĘDZYNARODOWY ZNORMALIZOWANY NUMER KSIĄŻKI - ISBN
ISBN 3261032049
040 ## - ŹRÓDŁO KATALOGOWANIA
Instytucja, która utworzyła rekord BPK
041 0# - KOD JĘZYKA
Kod języka tekstu ger
044 ## - KOD KRAJU WYDAWCY/PRODUCENTA
Kod kraju wydawcy/producenta DEU
080 ## - UNIWERSALNA KLASYFIKACJA DZIESIĘTNA - UKD
UKD 811.112.2(091)
920 ## - Międzynarodowy znormalizowany numer książki – ISBN
ISBN 3-261-03204-9
008 - POLE O STAŁEJ DŁUGOŚCI - DANE KONTROLNE
podpole kontrolne o stałej długości s gw f |000 0 ger
100 1# - NAZWA OSOBOWA
Nazwa osobowa PENZL, Herbert.
245 10 - TYTUŁ/ODPOWIEDZIALNOŚĆ
Tytuł Frühneuhochdeutsch /
Pozostałe elementy strefy tytułu i oznaczenia odpowiedzialności Herbert Penzl.
260 ## - STREFA ADRESU WYDAWNICZEGO
Miejsce wydania Bern :
Nazwa wydawcy/dystrybutora Peter Lang,
Data publikacji, dystrybucji/powstania dokumentu 1984.
300 ## - STREFA OPISU FIZYCZNEGO
Objętość 203 s. :
Inne cechy fizyczne il. ;
Rozmiary 25 cm.
490 ## - STREFA SERII I DOKUMENTU WIELOCZĘŚCIOWEGO - FORMA NIE DO WYSZUKIWANIA
Tytuł i oznaczenie odpowiedzialności serii Germanistische Lehrbuchsammlung
Numeracja w obrębie serii 9
504 ## - UWAGA DOTYCZĄCA BIBLIOGRAFII
Informacje o bibliografii Bibliogr. s. 185-193. Indeks.
650 ## - HASŁO PRZEDMIOTOWE W FORMIE NAZWY OGÓLNEJ LUB JEDNOSTKOWEJ
Nazwa ogólna lub geograficzna Język niemiecki
Określnik ogólny historia
830 ## - HASŁO DODATKOWE SERII LUB DOKUMENTU WIELOCZĘŚCIOWEGO - TYTUŁ UJEDNOLICONY
Tytuł ujednolicony Germanistische Lehrbuchsammlung
856 ## - LOKALIZACJA I DOSTĘP DO ELEKTRONICZNYCH DOKUMENTÓW ZDALNYCH
Link (URL) http://koha.tu.koszalin.pl/cgi-bin/koha/opac-detail.pl?biblionumber=50682
Tekst linku Katalog online BPK
942 ## - DODATKOWE ELEMENTY (KOHA)
Typ dokumentu Książka
Egzemplarze
Wycofany Status egzemplarza Uszkodzony Dostępność Lokalizacja stała Lokalizacja bieżąca Miejsce przechowywania Sygnatura Kod kreskowy Dział Typ dokumentu
      Tylko na miejscu Biblioteka Politechniki Koszalińskiej Biblioteka Politechniki Koszalińskiej Czytelnia Wydziałowa ul. Kwiatkowskiego 6e N 773 02437378 811.112.2(091) Język niemiecki - historia Książka
© 2023 Biblioteka Politechniki Koszalińskiej :: KOHA